[Event "Nuremberg op"]
[Site "Nuremberg"]
[Date "2019.11.16"]
[Round "3"]
[White "Lingl, Xenia"]
[Black "Vogiatzis, Dimitrios"]
[Result "0-1"]
[WhiteElo "1675"]
[BlackElo "1957"]
[PlyCount "52"]
[EventDate "2019.11.15"]
[EventType "swiss"]
[EventRounds "5"]
[EventCountry "GER"]
[SourceTitle "CBM 193 Extra"]
[Source "ChessBase"]
[SourceDate "2020.01.31"]
[SourceVersion "1"]
[SourceVersionDate "2020.01.31"]
[SourceQuality "1"]

1. e4 e5 2. Bc4 Nf6 3. d3 d6 4. Nf3 Be7 5. 0-0 Bg4 6. c3 0-0 7. Be3 c6 8. h3 Bh5 9. Nbd2 d5 10. Bb3 Nbd7 11. Re1 Qc7 12. Bc2 Rad8 13. d4 dxe4 14. Nxe4 Nxe4 15. Bxe4 f5 16. Bc2 e4 17. g4 Bg6 18. Ng5 Bxg5 19. Bxg5 Rde8 20. gxf5 Rxf5 21. Bh4 Rf3 22. Kg2 Bh5 23. Qd2 Nf6 24. Bxf6 Rxf6 25. Bxe4 Rxe4 26. Rxe4 Bf3+ 0-1

[Event "Nuremberg op"]
[Site "Nuremberg"]
[Date "2019.11.16"]
[Round "2"]
[White "Muskat, Gunter"]
[Black "Lingl, Xenia"]
[Result "0-1"]
[WhiteElo "1949"]
[BlackElo "1675"]
[PlyCount "94"]
[EventDate "2019.11.15"]
[EventType "swiss"]
[EventRounds "5"]
[EventCountry "GER"]
[SourceTitle "CBM 193 Extra"]
[Source "ChessBase"]
[SourceDate "2020.01.31"]
[SourceVersion "1"]
[SourceVersionDate "2020.01.31"]
[SourceQuality "1"]

1. Nf3 d5 2. c4 Nf6 3. g3 Bf5 4. Bg2 c6 5. Qb3 Qc8 6. cxd5 cxd5 7. Nc3 e6 8. d3 h6 9. Bf4 Nh5 10. Bd2 Nc6 11. Rc1 Be7 12. h3 Nf6 13. 0-0 0-0 14. Rfd1 Qd7 15. e4 Bh7 16. Bf4 g5 17. Ne5 Nxe5 18. Bxe5 Rfd8 19. Bxf6 Bxf6 20. exd5 Bxc3 21. dxe6 fxe6 22. Rxc3 Rab8 23. d4 b6 24. Rc6 Re8 25. d5 exd5 26. Bxd5+ Kh8 27. Rdc1 Rbd8 28. Re6 Rxe6 29. Bxe6 Qd2 30. Qc3+ Qxc3 31. bxc3 Rd2 32. Bc4 Bg8 33. Bb3 Rb2 34. c4 Bh7 35. Kf1 Bd3+ 36. Kg1 Be4 37. Re1 Bf3 38. g4 Bc6 39. Rd1 a5 40. Rc1 a4 41. Bc2 Rxa2 42. Bf5 a3 43. Rb1 Rd2 44. Kf1 a2 45. Ra1 Ba4 46. Kg2 Bb3 47. Kf3 Rd1 0-1

[Event "Landesliga U20 Nord 1112"]
[Site "Bayern"]
[Date "2011.12.03"]
[Round "3.1"]
[White "Helm, Jonathan"]
[Black "Lingl, Xenia"]
[Result "1-0"]
[WhiteElo "1870"]
[BlackElo "1626"]
[PlyCount "55"]
[EventDate "2011.11.12"]
[EventType "team-tourn"]
[EventRounds "7"]
[EventCountry "GER"]
[SourceTitle "EXT 2022"]
[Source "ChessBase"]
[SourceDate "2021.10.06"]
[SourceVersion "1"]
[SourceVersionDate "2021.10.06"]
[SourceQuality "1"]
[WhiteTeam "Neumarkt U20"]
[BlackTeam "Puschendorf U20"]
[WhiteTeamCountry "GER"]
[BlackTeamCountry "GER"]

1. e4 e6 2. d4 d5 3. exd5 exd5 4. c4 Nf6 5. Nf3 Bg4 6. Be3 Nc6 7. c5 Ne7 8. h3 Be6 9. Nc3 c6 10. Bd3 Ng6 11. b4 Be7 12. Qd2 0-0 13. 0-0 Nh5 14. Ng5 Bd7 15. g4 Nf6 16. f4 Bxg4 17. hxg4 Nxg4 18. Bf5 Nxe3 19. Qxe3 Re8 20. Qg3 Bf6 21. Rad1 h6 22. Ne6 fxe6 23. Bxg6 Re7 24. Bd3 Kh8 25. Qg6 Qg8 26. Rf2 Rf8 27. Ne2 Rd8 28. Rh2 1-0

[Event "Landesliga U20 Nord 1011"]
[Site "Bayern"]
[Date "2011.01.22"]
[Round "5.2"]
[White "Blodig, Constantin"]
[Black "Lingl, Xenia"]
[Result "1-0"]
[WhiteElo "1859"]
[BlackElo "1654"]
[PlyCount "83"]
[EventDate "2010.10.16"]
[EventType "team-tourn"]
[EventRounds "7"]
[EventCountry "GER"]
[SourceTitle "EXT 2022"]
[Source "ChessBase"]
[SourceDate "2021.10.06"]
[SourceVersion "1"]
[SourceVersionDate "2021.10.06"]
[SourceQuality "1"]
[WhiteTeam "Dietfurt U20"]
[BlackTeam "Puschendorf U20"]
[WhiteTeamCountry "GER"]
[BlackTeamCountry "GER"]

1. e4 e6 2. d4 d5 3. Nd2 Nf6 4. e5 Nfd7 5. Ngf3 c5 6. c3 Nc6 7. Be2 Be7 8. 0-0 g5 9. Nb3 b6 10. h3 a5 11. a4 Ba6 12. Nh2 Bxe2 13. Qxe2 h5 14. f4 c4 15. Nd2 gxf4 16. Nb1 Nf8 17. Bxf4 Ng6 18. Be3 Nh4 19. Na3 Na7 20. b3 Nf5 21. bxc4 Ng3 22. Qf3 Nxf1 23. Rxf1 Rh7 24. Nb5 dxc4 25. Qe4 Rg7 26. Nc7+ Qxc7 27. Qxa8+ Kd7 28. d5 exd5 29. Qxd5+ Ke8 30. Rf4 Qc6 31. Qxc6+ Nxc6 32. Nf3 Rg3 33. Bxb6 Rg6 34. Rxc4 Nxe5 35. Rc8+ Kd7 36. Rc7+ Ke6 37. Nxe5 Kxe5 38. Rxe7+ Kd6 39. Rxf7 Ke6 40. Rc7 Kd6 41. Rc5 Rg8 42. Rxh5 1-0

[Event "Nuremberg LGA Cup 5th"]
[Site "Nuremberg"]
[Date "2008.09.04"]
[Round "1.73"]
[White "Lingl, Xenia"]
[Black "Huss, Rolf"]
[Result "0-1"]
[WhiteElo "1577"]
[BlackElo "2131"]
[PlyCount "60"]
[EventDate "2008.09.04"]
[EventType "swiss"]
[EventRounds "7"]
[EventCountry "GER"]
[SourceTitle "EXT 2022"]
[Source "ChessBase"]
[SourceDate "2021.10.06"]
[SourceVersion "1"]
[SourceVersionDate "2021.10.06"]
[SourceQuality "1"]

1. e4 Nf6 2. d3 e5 3. Nc3 d5 4. Bd2 Nc6 5. g3 Bc5 6. exd5 Nxd5 7. Ne4 Be7 8. Bg2 0-0 9. Ne2 Bg4 10. h3 Bxe2 11. Qxe2 Nd4 12. Qd1 f5 13. Ng5 c6 14. h4 Qd7 15. c3 Ne6 16. Qh5 Nf6 17. Qe2 Nc5 18. Bf1 Qd5 19. Rh3 Rad8 20. d4 exd4 21. Qc4 d3 22. Qxd5+ Rxd5 23. 0-0-0 Nfe4 24. Rh2 Nxd2 25. Rxd2 f4 26. Bh3 fxg3 27. fxg3 Rxg5 28. hxg5 Bxg5 29. Kd1 Bxd2 30. Rxd2 Rf3 0-1

[Event "GER-ch U16 Girls"]
[Site "Willingen"]
[Date "2008.05.11"]
[Round "5"]
[White "Lingl, Xenia"]
[Black "Mertens, Pauline"]
[Result "0-1"]
[WhiteElo "1633"]
[BlackElo "1908"]
[PlyCount "74"]
[EventDate "2008.05.11"]
[EventType "swiss"]
[EventRounds "9"]
[EventCountry "GER"]
[SourceTitle "CBM 124 Extra"]
[Source "ChessBase"]
[SourceDate "2008.07.03"]
[SourceVersion "1"]
[SourceVersionDate "2008.07.03"]
[SourceQuality "1"]

1. e4 c5 2. Nc3 Nc6 3. d3 d6 4. g3 g6 5. Bg2 Bg7 6. f4 e6 7. Nf3 Nge7 8. Be3 Nd4 9. Qd2 0-0 10. Qf2 Nec6 11. 0-0 b6 12. e5 Nxf3+ 13. Bxf3 Bb7 14. Qg2 Rc8 15. Nb5 dxe5 16. fxe5 Ba8 17. Rae1 a6 18. Nc3 Nxe5 19. Bxa8 Rxa8 20. Ne4 Ng4 21. Bd2 Kh8 22. Qh3 Qd4+ 23. Kh1 f5 24. Ng5 Qd5+ 25. Kg1 Bd4+ 26. Be3 Bxe3+ 27. Rxe3 h6 28. Rxe6 Rf6 29. Rfe1 Qd4+ 30. Kg2 Rxe6 31. Rxe6 Qf2+ 32. Kh1 Qxc2 33. Qg2 Qd1+ 34. Qg1 Qxd3 35. Nh3 Rd8 36. Nf4 Qf3+ 37. Qg2 Rd1+ 0-1

[Event "Nuremberg LGA Cup 3rd"]
[Site "Nuremberg"]
[Date "2006.09.09"]
[Round "5.77"]
[White "Kuenne, Lutz Dieter"]
[Black "Lingl, Xenia"]
[Result "1-0"]
[WhiteElo "1601"]
[BlackElo "1378"]
[PlyCount "53"]
[EventDate "2006.09.07"]
[EventType "swiss"]
[EventRounds "7"]
[EventCountry "GER"]
[SourceTitle "EXT 2022"]
[Source "ChessBase"]
[SourceDate "2021.10.06"]
[SourceVersion "1"]
[SourceVersionDate "2021.10.06"]
[SourceQuality "1"]

1. e4 e5 2. Nf3 Nc6 3. d4 exd4 4. Nxd4 Bc5 5. Nxc6 bxc6 6. Bc4 Ne7 7. Nc3 Ng6 8. 0-0 0-0 9. Qf3 Ne5 10. Qe2 a5 11. Bf4 Nxc4 12. Qxc4 Bb6 13. Rfe1 Ba6 14. Qa4 Qf6 15. Be3 Rfe8 16. Bxb6 cxb6 17. Rad1 Rad8 18. Qd4 Qxd4 19. Rxd4 d5 20. f3 Rd6 21. Kf2 Rde6 22. Na4 Bb7 23. Rdd1 h6 24. Nxb6 dxe4 25. Nc4 a4 26. Nd6 Rb8 27. Nxe4 1-0

[Event "GER-ch U14 Girls"]
[Site "Willingen"]
[Date "2006.06.06"]
[Round "5"]
[White "Micklich, Rahel"]
[Black "Lingl, Xenia"]
[Result "1-0"]
[WhiteElo "1785"]
[BlackElo "1483"]
[PlyCount "65"]
[EventDate "2006.06.03"]
[EventType "swiss"]
[EventRounds "9"]
[EventCountry "GER"]
[SourceTitle "EXT 2007"]
[Source "ChessBase"]
[SourceDate "2006.11.23"]
[SourceVersion "1"]
[SourceVersionDate "2006.11.23"]
[SourceQuality "1"]

1. d4 d5 2. c4 e6 3. Nc3 Be7 4. Nf3 Nf6 5. Bg5 0-0 6. e3 b6 7. cxd5 Nxd5 8. Bxe7 Nxe7 9. Bd3 Bb7 10. Rc1 Nd7 11. Be4 Bxe4 12. Nxe4 Nd5 13. a3 N7f6 14. Qc2 Rc8 15. Ne5 Nxe4 16. Qxe4 Qd6 17. Nc6 Ra8 18. 0-0 Ne7 19. Nxe7+ Qxe7 20. Qb7 Rfc8 21. Rc3 a5 22. Rfc1 Rab8 23. Qa7 Ra8 24. Qxb6 Rab8 25. Rxc7 Rxb6 26. Rxc8+ Qf8 27. Rxf8+ Kxf8 28. Rc2 Ke8 29. Kf1 Kd7 30. Ke2 Rb3 31. Kd2 Kd8 32. Kc1 a4 33. Rc4 1-0

[Event "GER-chT U20"]
[Site "Berlin"]
[Date "2005.12.29"]
[Round "6.5"]
[White "Lingl, Xenia"]
[Black "Buerckner, Georg"]
[Result "0-1"]
[WhiteElo "1484"]
[BlackElo "1816"]
[PlyCount "156"]
[EventDate "2005.12.27"]
[EventType "team-swiss"]
[EventRounds "7"]
[EventCountry "GER"]
[SourceTitle "EXT 2022"]
[Source "ChessBase"]
[SourceDate "2021.10.06"]
[SourceVersion "1"]
[SourceVersionDate "2021.10.06"]
[SourceQuality "1"]
[WhiteTeam "Puschendorf U20"]
[BlackTeam "Sangerhausen U20"]
[WhiteTeamCountry "GER"]
[BlackTeamCountry "GER"]

1. e4 c5 2. d3 Nc6 3. g3 d6 4. Bg2 Nf6 5. f4 e6 6. Nf3 Be7 7. 0-0 0-0 8. Nc3 Rb8 9. h3 b5 10. g4 b4 11. Ne2 Bb7 12. Ng3 Nd7 13. g5 f6 14. h4 fxg5 15. hxg5 Qe8 16. Kh2 a5 17. Rh1 g6 18. Kg1 Rf7 19. Qe2 Bf8 20. Bf1 Bg7 21. Qh2 Nf8 22. Be2 a4 23. Rb1 Nd4 24. Nxd4 Bxd4+ 25. Kg2 Bc6 26. Bd2 Rfb7 27. Bg4 b3 28. axb3 axb3 29. c3 Bg7 30. Rhf1 Rf7 31. Rbe1 Ra8 32. Kg1 Qd8 33. f5 exf5 34. exf5 gxf5 35. Nxf5 Raa7 36. Nxg7 Rxg7 37. c4 Bd7 38. Qxd6 Ra8 39. Bf3 Rc8 40. Bd5+ Kh8 41. Bc3 Qxg5+ 42. Kh1 Qh4+ 43. Qh2 Bh3 44. Bxg7+ Kxg7 45. Rf7+ Kh6 46. Qd6+ Ng6 47. Ree7 Be6+ 48. Kg1 Bxf7 49. Rxf7 Qe1+ 50. Rf1 Qe3+ 51. Kh1 Qh3+ 52. Qh2 Qxh2+ 53. Kxh2 Re8 54. Rf2 Re3 55. Be4 Ne5 56. Rd2 Kg7 57. Kg2 h6 58. Kf2 Ng4+ 59. Kg2 Ne5 60. Kf2 Ng4+ 61. Kf1 Ne5 62. Re2 Rxe2 63. Kxe2 Kf6 64. Kd2 h5 65. Kc3 Kg5 66. Kxb3 Kf4 67. Kc3 h4 68. Ba8 h3 69. d4 cxd4+ 70. Kxd4 Nf3+ 71. Kc3 h2 72. c5 h1Q 73. c6 Qh8+ 74. Kc2 Qxa8 75. c7 Qc8 76. b4 Qxc7+ 77. Kb3 Nd4+ 78. Ka4 Qa7# 0-1

[Event "Nuremberg LGA Cup 2nd"]
[Site "Nuremberg"]
[Date "2005.09.11"]
[Round "6.63"]
[White "Bildt, Maximilian"]
[Black "Lingl, Xenia"]
[Result "1-0"]
[WhiteElo "1686"]
[BlackElo "1469"]
[PlyCount "156"]
[EventDate "2005.09.08"]
[EventType "swiss"]
[EventRounds "7"]
[EventCountry "GER"]
[SourceTitle "EXT 2022"]
[Source "ChessBase"]
[SourceDate "2021.10.06"]
[SourceVersion "1"]
[SourceVersionDate "2021.10.06"]
[SourceQuality "1"]

1. e4 e5 2. f4 exf4 3. Nf3 Bc5 4. d4 Bb6 5. Bxf4 d6 6. Bc4 Bg4 7. c3 Ne7 8. 0-0 0-0 9. h3 Bh5 10. Nbd2 Nd7 11. Qb3 Nc6 12. Qb5 Bg6 13. Bg5 Qc8 14. Nh4 Nde5 15. Nxg6 Nxg6 16. Rf5 Bxd4+ 17. cxd4 Nxd4 18. Rxf7 Rxf7 19. Bxf7+ Kxf7 20. Rf1+ Kg8 21. Qd5+ Ne6 22. Nb3 Kh8 23. Rf7 Nxg5 24. Qxg5 b6 25. Qd5 Ne5 26. Rxc7 Qf8 27. Qb7 Nd3 28. Rf7 Qg8 29. Rxg7 Qxg7 30. Qxa8+ Qg8 31. Qxg8+ Kxg8 32. Nd4 Nxb2 33. Nb5 Nc4 34. Nxa7 Kf7 35. Kf2 Ke6 36. Nc6 h6 37. Kf3 Nd2+ 38. Kf4 Nc4 39. Nd4+ Kf6 40. Nf5 Kg6 41. Kg4 Ne5+ 42. Kh4 Nf7 43. a4 Kf6 44. g4 Ke5 45. Kh5 Kxe4 46. Nxh6 Nxh6 47. Kxh6 d5 48. g5 d4 49. g6 d3 50. g7 d2 51. g8Q d1Q 52. Qe6+ Kf4 53. Qc4+ Kg3 54. h4 Qd6+ 55. Kg5 Qe5+ 56. Kg6 Qe6+ 57. Kg7 Qe5+ 58. Kf7 Qf5+ 59. Ke7 Qc5+ 60. Qxc5 bxc5 61. h5 c4 62. h6 c3 63. h7 c2 64. h8Q c1Q 65. Qe5+ Kf3 66. a5 Qa3+ 67. Ke6 Qa4 68. Qd5+ Ke3 69. Qc5+ Kd3 70. Qd6+ Kc3 71. a6 Qg4+ 72. Kd5 Qf3+ 73. Kc5 Qe3+ 74. Kc6 Qe4+ 75. Qd5 Qg6+ 76. Kb7 Qh7+ 77. Kb6 Qb1+ 78. Qb5 Qd1 1-0

[Event "Nuremberg LGA Cup 2nd"]
[Site "Nuremberg"]
[Date "2005.09.11"]
[Round "7.69"]
[White "Lingl, Xenia"]
[Black "Dreiseitel, Werner"]
[Result "1-0"]
[WhiteElo "1469"]
[BlackElo "1329"]
[PlyCount "80"]
[EventDate "2005.09.08"]
[EventType "swiss"]
[EventRounds "7"]
[EventCountry "GER"]
[SourceTitle "EXT 2022"]
[Source "ChessBase"]
[SourceDate "2021.10.06"]
[SourceVersion "1"]
[SourceVersionDate "2021.10.06"]
[SourceQuality "1"]

1. e4 d6 2. d4 Nf6 3. Nc3 Nc6 4. h3 e5 5. dxe5 Nxe5 6. Nf3 Nxf3+ 7. Qxf3 Be7 8. Bd3 Bd7 9. 0-0 Bc6 10. Qe2 0-0 11. Bf4 Re8 12. Rad1 Qc8 13. Rfe1 Bf8 14. Bb5 Bxb5 15. Qxb5 a6 16. Qd3 b6 17. Qf3 Qb7 18. Rd3 Re6 19. e5 Qxf3 20. Rxf3 dxe5 21. Rxe5 Rxe5 22. Bxe5 Ne8 23. Nd5 Bd6 24. Bxd6 Nxd6 25. Nxc7 Ra7 26. Nd5 b5 27. Rc3 g6 28. b3 Kg7 29. Rc6 Ne8 30. Rc8 Kf8 31. Nf6 Re7 32. Nxh7+ Kg7 33. Ng5 Re1+ 34. Kh2 Re2 35. Kg3 Nd6 36. Rc6 Nf5+ 37. Kh2 Rxf2 38. Kg1 Rd2 39. Nf3 Rd1+ 40. Kf2 Rc1 1-0

[Event "Nuremberg LGA Cup 2nd"]
[Site "Nuremberg"]
[Date "2005.09.08"]
[Round "1.48"]
[White "Hettler, Wolfgang"]
[Black "Lingl, Xenia"]
[Result "1-0"]
[WhiteElo "1862"]
[BlackElo "1469"]
[PlyCount "87"]
[EventDate "2005.09.08"]
[EventType "swiss"]
[EventRounds "7"]
[EventCountry "GER"]
[SourceTitle "EXT 2022"]
[Source "ChessBase"]
[SourceDate "2021.10.06"]
[SourceVersion "1"]
[SourceVersionDate "2021.10.06"]
[SourceQuality "1"]

1. d4 d5 2. Nf3 e6 3. e3 Nf6 4. Bd3 b6 5. 0-0 Bb7 6. Re1 Bd6 7. b3 0-0 8. c4 dxc4 9. Bxc4 Nbd7 10. Qe2 Qc8 11. Bb2 c5 12. Nbd2 Re8 13. Rac1 Qd8 14. Red1 Ne4 15. Nxe4 Bxe4 16. dxc5 Bxf3 17. Qxf3 Bxc5 18. Bb5 Re7 19. Qg3 e5 20. Qh3 h6 21. Bxd7 Qc7 22. Bf5 g6 23. Be4 Rd8 24. Bd5 Red7 25. e4 Qb8 26. Qg3 Bd6 27. a3 a5 28. Qf3 Re7 29. Qf6 Rdd7 30. Rc6 Bc5 31. b4 Bd6 32. Rdc1 Re8 33. Bxf7+ Rxf7 34. Qxd6 Qxd6 35. Rxd6 Rb7 36. b5 Kg7 37. Rd5 Rbe7 38. f4 Kf6 39. Rc6+ Re6 40. Rxe6+ Rxe6 41. Rxe5 Rxe5 42. Bxe5+ Ke6 43. a4 Ke7 44. Bc7 1-0

[Event "GER-ch U12"]
[Site "Willingen"]
[Date "2005.05.21"]
[Round "11"]
[White "Grimm, Pascal"]
[Black "Lingl, Xenia"]
[Result "1-0"]
[WhiteElo "1838"]
[BlackElo "1363"]
[PlyCount "103"]
[EventDate "2005.05.14"]
[EventType "swiss"]
[EventRounds "11"]
[EventCountry "GER"]
[SourceTitle "CBM 106 Extra"]
[Source "ChessBase"]
[SourceDate "2005.07.01"]
[SourceVersion "1"]
[SourceVersionDate "2005.07.01"]
[SourceQuality "1"]

1. c4 e5 2. Nc3 Nf6 3. g3 c6 4. Nf3 e4 5. Nd4 d5 6. cxd5 cxd5 7. d3 exd3 8. Qxd3 h6 9. Bg2 b6 10. 0-0 Bb7 11. Re1 Be7 12. Nf5 Bb4 13. Nxg7+ Kf8 14. Nf5 Ng8 15. a3 Bxc3 16. Qxc3 Rh7 17. Qb4+ Ne7 18. Bxh6+ Ke8 19. Nd6+ Kd7 20. Nxb7 Qc7 21. Bf4 Qxb7 22. Qd6+ Ke8 23. Rac1 Na6 24. Bg5 Rd8 25. Qxe7+ Qxe7 26. Bxe7 Kxe7 27. Red1 Rh5 28. b4 Rd7 29. Bf3 Rg5 30. h4 Re5 31. Rd4 Nc7 32. a4 Ne6 33. Rd3 Kf6 34. e3 Kg7 35. Bg4 f5 36. f4 Re4 37. Bxf5 Re7 38. Bxe4 dxe4 39. Rdc3 Kf6 40. Rc6 Kf5 41. Kg2 Re8 42. Rd1 Re7 43. Rd5+ Kf6 44. Rdd6 Kf7 45. Rxe6 Rxe6 46. Rxe6 Kxe6 47. h5 Kf6 48. g4 Kg7 49. g5 Kf7 50. h6 Kg6 51. f5+ Kh7 52. Kg3 1-0

[Event "GER-ch U12"]
[Site "Willingen"]
[Date "2005.05.16"]
[Round "4"]
[White "Lingl, Xenia"]
[Black "Rogasch, Miriam"]
[Result "1-0"]
[WhiteElo "1363"]
[BlackElo "774"]
[PlyCount "109"]
[EventDate "2005.05.14"]
[EventType "swiss"]
[EventRounds "11"]
[EventCountry "GER"]
[SourceTitle "CBM 106 Extra"]
[Source "ChessBase"]
[SourceDate "2005.07.01"]
[SourceVersion "1"]
[SourceVersionDate "2005.07.01"]
[SourceQuality "1"]

1. e4 e5 2. Nf3 Nc6 3. Bc4 Nf6 4. d3 Bc5 5. c3 d5 6. exd5 Nxd5 7. 0-0 Nf6 8. Re1 Bg4 9. h3 Bxf3 10. Qxf3 0-0 11. Bg5 Be7 12. Bb5 Nd7 13. Bxe7 Qxe7 14. Bxc6 bxc6 15. Qxc6 Nf6 16. Na3 Rab8 17. Nc4 Rfe8 18. Rxe5 Qd8 19. Rxe8+ Nxe8 20. Re1 h6 21. Re3 Nd6 22. Nxd6 cxd6 23. Qa6 Qc7 24. Qa3 d5 25. Re7 Qb6 26. Rxa7 Qxb2 27. Qxb2 Rxb2 28. Ra5 Rc2 29. Rxd5 Rxc3 30. a4 Kf8 31. Kf1 Ke7 32. Ke2 Ra3 33. Rd4 Ke6 34. Kd2 Ke5 35. Ke3 g5 36. g3 f5 37. f4+ gxf4+ 38. gxf4+ Ke6 39. Kf3 Kf6 40. Kg3 Kg7 41. Kh4 Kg6 42. Kg3 Kg7 43. Kf3 Kf6 44. Ke3 Ke6 45. Rb4 Kd5 46. Rb5+ Ke6 47. a5 Kf6 48. Rb6+ Ke7 49. a6 Kd7 50. Rxh6 Kc7 51. Rh7+ Kb6 52. a7 Rxa7 53. Rxa7 Kxa7 54. h4 Kb7 55. h5 1-0

[Event "GER-ch U12"]
[Site "Willingen"]
[Date "2005.05.15"]
[Round "3"]
[White "Hartmann, Nicolas"]
[Black "Lingl, Xenia"]
[Result "1-0"]
[WhiteElo "1474"]
[BlackElo "1363"]
[PlyCount "93"]
[EventDate "2005.05.14"]
[EventType "swiss"]
[EventRounds "11"]
[EventCountry "GER"]
[SourceTitle "CBM 106 Extra"]
[Source "ChessBase"]
[SourceDate "2005.07.01"]
[SourceVersion "1"]
[SourceVersionDate "2005.07.01"]
[SourceQuality "1"]

1. e4 e5 2. Nf3 Nc6 3. Bc4 Bc5 4. c3 Nf6 5. d4 exd4 6. cxd4 Bb4+ 7. Nc3 Nxe4 8. 0-0 Bxc3 9. d5 Ne7 10. bxc3 h6 11. Re1 Nd6 12. Ba3 0-0 13. Bxd6 cxd6 14. Qe2 Ng6 15. Qe4 b6 16. Re2 Bb7 17. Rae1 Rc8 18. Bd3 Rxc3 19. h4 Rxd3 20. Qxd3 Nf4 21. Qe4 Nxe2+ 22. Rxe2 Qf6 23. Nd4 Rc8 24. Nf5 Rc5 25. f4 Kh8 26. Re1 Rxd5 27. Qe8+ Kh7 28. Ne7 Qxe7 29. Qxe7 Rd2 30. Re2 Rd1+ 31. Kf2 Bd5 32. Qe3 Be6 33. Qe4+ Kg8 34. Qa8+ Kh7 35. Qe4+ Kg8 36. Qa8+ Kh7 37. Qe4+ Kg8 38. Qc2 Rh1 39. Qc8+ Kh7 40. Qc7 Rxh4 41. Qc2+ Kg8 42. g3 Rh5 43. Qd3 Rd5 44. Qe3 Kh7 45. Qe4+ Kg8 46. Rc2 Ra5 47. Rc8# 1-0

[Event "GER-ch U12"]
[Site "Willingen"]
[Date "2005.05.15"]
[Round "2"]
[White "Lingl, Xenia"]
[Black "Endress, Anna"]
[Result "0-1"]
[WhiteElo "1363"]
[BlackElo "1725"]
[PlyCount "110"]
[EventDate "2005.05.14"]
[EventType "swiss"]
[EventRounds "11"]
[EventCountry "GER"]
[SourceTitle "CBM 106 Extra"]
[Source "ChessBase"]
[SourceDate "2005.07.01"]
[SourceVersion "1"]
[SourceVersionDate "2005.07.01"]
[SourceQuality "1"]

1. e4 c5 2. d3 e6 3. g3 Nc6 4. Bg2 Nf6 5. f4 d6 6. Nf3 Qc7 7. 0-0 Be7 8. c3 0-0 9. h3 c4 10. Be3 Na5 11. Na3 cxd3 12. Qxd3 d5 13. e5 Ne4 14. Kh2 Bxa3 15. bxa3 Qxc3 16. Qxc3 Nxc3 17. Bd2 Nc4 18. Bxc3 Bd7 19. Bb4 Rfc8 20. Nd4 a5 21. Bc3 Nxa3 22. Rac1 Nc4 23. h4 Rc7 24. Rf3 Rac8 25. Re1 b5 26. Re2 Nxe5 27. fxe5 Rxc3 28. a3 Rxf3 29. Bxf3 Rc3 30. Rb2 Rd3 31. Nxb5 Rxf3 32. Nd6 Kf8 33. Rb8+ Ke7 34. Rb7 Rc3 35. Ra7 a4 36. Nb5 Re3 37. Kg2 Rxe5 38. Kf2 Re4 39. Nc3 Rc4 40. Nb5 Rc5 41. Nd4 Kd6 42. Ke3 Rc3+ 43. Kf2 Rxa3 44. Rb7 Rd3 45. Ne2 a3 46. Ra7 Bb5 47. Nc1 Rc3 48. Ne2 Rc2 49. Rxa3 Rxe2+ 50. Kf3 d4 51. Rb3 Re3+ 52. Rxe3 dxe3 53. Kxe3 Ke5 54. Kf3 f5 55. Ke3 h6 0-1

[Event "GER-chT U20"]
[Site "Cologne"]
[Date "2004.12.29"]
[Round "6.6"]
[White "Beckmann, Raphael"]
[Black "Lingl, Xenia"]
[Result "1-0"]
[WhiteElo "1566"]
[BlackElo "1426"]
[PlyCount "103"]
[EventDate "2004.12.27"]
[EventType "team"]
[EventRounds "7"]
[EventCountry "GER"]
[SourceTitle "CBM 104 Extra"]
[Source "ChessBase"]
[SourceDate "2005.03.01"]
[SourceVersion "1"]
[SourceVersionDate "2005.03.01"]
[SourceQuality "1"]
[WhiteTeam "Heep (U20)"]
[BlackTeam "Puschendorf U20"]
[WhiteTeamCountry "GER"]
[BlackTeamCountry "GER"]

1. Nf3 Nf6 2. c4 e6 3. b3 Be7 4. Bb2 b6 5. g3 Bb7 6. Bg2 0-0 7. 0-0 d5 8. Ne5 c5 9. e3 Nbd7 10. d4 Rc8 11. Nd2 Qc7 12. Ndf3 h6 13. Rc1 Rfd8 14. cxd5 exd5 15. Qd3 Ne4 16. Nxd7 Qxd7 17. Ne5 Qe6 18. f4 Nf6 19. Rf2 a6 20. Rfc2 Qd6 21. Bh3 Rc7 22. Ba3 Bc8 23. Bxc8 Rdxc8 24. Qxa6 Ne4 25. Qb5 f6 26. Ng6 Kf7 27. Nxe7 Kxe7 28. Qa6 Rc6 29. b4 Kf7 30. bxc5 bxc5 31. Qb5 Rb8 32. dxc5 Rxb5 33. cxd6 Rxc2 34. Rxc2 Rb6 35. Rc7+ Ke8 36. d7+ Kd8 37. Ra7 Rb8 38. Bf8 Rb1+ 39. Kg2 g5 40. Bxh6 g4 41. a4 Re1 42. f5 Re2+ 43. Kf1 Rxh2 44. Bf4 Rh1+ 45. Ke2 Rb1 46. Kd3 Nc5+ 47. Kd4 Nxd7 48. Kxd5 Rd1+ 49. Ke6 Ke8 50. Ra8+ Nb8 51. Rxb8+ Rd8 52. a5 1-0

[Event "GER-chT U20"]
[Site "Cologne"]
[Date "2004.12.29"]
[Round "5.6"]
[White "Lingl, Xenia"]
[Black "Balkan, Levent"]
[Result "1-0"]
[WhiteElo "1426"]
[BlackElo "1041"]
[PlyCount "153"]
[EventDate "2004.12.27"]
[EventType "team"]
[EventRounds "7"]
[EventCountry "GER"]
[SourceTitle "CBM 104 Extra"]
[Source "ChessBase"]
[SourceDate "2005.03.01"]
[SourceVersion "1"]
[SourceVersionDate "2005.03.01"]
[SourceQuality "1"]
[WhiteTeam "Puschendorf U20"]
[BlackTeam "Heilbronn (U20)"]
[WhiteTeamCountry "GER"]
[BlackTeamCountry "GER"]

1. e4 e5 2. Nf3 Nc6 3. Bc4 Bc5 4. c3 Nf6 5. d3 0-0 6. Nbd2 d6 7. Nf1 h6 8. Ng3 Be6 9. Bb3 Na5 10. Bxe6 fxe6 11. b4 Bb6 12. bxa5 Bxa5 13. Bd2 Ng4 14. h3 Nf6 15. Qb3 Qd7 16. Qxb7 Bb6 17. Qa6 Qc6 18. Qa3 Rab8 19. 0-0 Qb5 20. Qb3 Qd7 21. Qd1 Qb5 22. Qe2 Qb2 23. Rfb1 Qc2 24. Rb3 Nd7 25. Kh2 Rxf3 26. gxf3 Nc5 27. Rbb1 Qxd3 28. Qxd3 Nxd3 29. Be3 Rf8 30. Bxb6 axb6 31. Kg2 Kh7 32. a4 Nf4+ 33. Kh2 Nd3 34. a5 bxa5 35. Rg1 Rxf3 36. Rgf1 Nc5 37. Rxa5 Rxc3 38. Ra8 Rc2 39. Re8 Kg6 40. Rf8 Nd7 41. Rf3 Nf6 42. Rg1 Kf7 43. Nh5 c6 44. Rxg7+ Ke8 45. Nxf6+ Kf8 46. Nh5+ Ke8 47. Rh7 d5 48. Rg3 Rxf2+ 49. Kg1 Rf7 50. Rxf7 Kxf7 51. Rg7+ Kf8 52. exd5 cxd5 53. Kf2 Ke8 54. Ke3 Kd8 55. Nf6 Kc8 56. Re7 Kd8 57. Rxe6 Kc7 58. Rxe5 Kd6 59. Rxd5+ Ke6 60. Rh5 Kxf6 61. Rxh6+ Kg5 62. Rh8 Kg6 63. Rf8 Kg5 64. h4+ Kxh4 65. Rg8 Kh5 66. Kf4 Kh6 67. Kf5 Kh7 68. Rg1 Kh8 69. Kf6 Kh7 70. Kf7 Kh6 71. Kf6 Kh5 72. Kf5 Kh4 73. Kf4 Kh3 74. Kf3 Kh2 75. Rg8 Kh1 76. Kf2 Kh2 77. Rh8# 1-0

[Event "GER-chT Lands U20"]
[Site "Bad Sulza"]
[Date "2004.11.18"]
[Round "6.8"]
[White "Garny, Annica"]
[Black "Lingl, Xenia"]
[Result "1/2-1/2"]
[WhiteElo "1236"]
[BlackElo "1196"]
[PlyCount "70"]
[EventDate "2004.11.15"]
[EventType "team-swiss"]
[EventRounds "7"]
[EventCountry "GER"]
[SourceTitle "EXT 2006"]
[Source "ChessBase"]
[SourceDate "2005.11.24"]
[SourceVersion "1"]
[SourceVersionDate "2005.11.24"]
[SourceQuality "1"]

1. e4 e5 2. Nf3 Nc6 3. Bc4 Bc5 4. Nc3 Nf6 5. d3 d6 6. Qe2 Ne7 7. Be3 Bb6 8. 0-0-0 0-0 9. h3 c6 10. d4 Qc7 11. dxe5 Bxe3+ 12. Qxe3 dxe5 13. g4 b5 14. g5 Nd7 15. Bb3 a5 16. a3 Rb8 17. h4 Qb7 18. h5 a4 19. Ba2 b4 20. Nxa4 bxa3 21. Qxa3 Re8 22. Nh4 Qb4 23. Qf3 Rf8 24. Bb3 Kh8 25. Qg3 f6 26. g6 h6 27. Rde1 Nc5 28. Nxc5 Qxc5 29. Rhf1 Rd8 30. f4 Ra8 31. c3 Qd6 32. Qe3 exf4 33. Qe2 Ba6 34. c4 Rab8 35. Qc2 Qb4 1/2-1/2